LEADER 01124nam a2200253 i 4500 001 000000131937 003 CaOOAMICUS 005 20041127000000.0 008 041127s1998 it u000 u ita u 013 $a104856 020 $a88-7078-518-1 040 $aSeMil$bita 245 10$aEpistemologia e psicoterapia :$bcomplessità e frontiere contemporanee /$ca cura di Mauro Ceruti e Girolamo Lo Verso. 260 $aMilano :$bRaffaello Cortina,$c1998. 300 $aXIII, 341 p. ;$c23 cm. 650 4$aPsicoterapia - Epistemologia.$0(OLS)http://semarc/subject/25976 700 1 $aLo Verso, Girolamo.$0(OLS)http://semarc/name/54408 700 1 $aCeruti, Mauro,$d<1953- >.$0(OLS)http://semarc/name/4313 850 $aSeMil 852 $aSeMil$W1$xVenegono$y1$m173 7 113 *$j85868$B85868$CSeMilBibl$Z2$F89632 $81 961 $aAcquisto: Àncora (Libreria) 996 $6020$a88-7078-518-1$9(OLS)http://semarc/number/118897 996 $6245$aEpistemologia e psicoterapia :$bcomplessità e frontiere contemporanee$9(OLS)http://semarc/title/193900 996 $6260$aMilano :$bRaffaello Cortina$9(OLS)http://semarc/publisher/31196 LEADER 00782nam a2200181 i 4500 001 000000228903 003 CaOOAMICUS 005 20140416000000.0 008 140416s1787 it u000 u ita u 013 $a207805 026 $a,en- o-he e.la sene (7) 1787 (R) 040 $aSeMil$bita 245 10$aTomo 1. che contiene il Santo Vangelo di Gesù Cristo secondo Matteo, e Marco. 300 $axxvi, 370, [10] p. 773 0 $tBibbia. Nuovo Testamento$dIn Roma : per Filippo Neri : si vende da Michelangelo Barbiellini alla Minerva, 1787-1788.$g1$w()29751 850 $aSeMil 852 $aSeMil$W1$xVenegono$y1$m2Z V 7 FA$j179249$B179249$CSeMilBibl$Z2$F190358 $8I 996 $6245$aTomo 1. che contiene il Santo Vangelo di Gesù Cristo secondo Matteo, e Marco$9(OLS)http://semarc/title/327588